000 00849nas a2200265 4500
001 BR2012005274
003 BR-BrBNA
005 20231205120853.0
007 ta
008 230509b bl.|||p| |||| 00| 00por d
040 _aBR-BrBNA
_bpor
_cBiblioteca Nacional de Agricultura
041 _a(Pt)
072 _aP10; U40
100 1 _aRodrigues, F.M.
100 1 _aPissara, T.C.T.
100 1 _aCampos, S.
245 1 _aAnálise temporal do uso e ocupação do solo na microbacia hidrográfica do córrego da fazenda Glória, município de Taquatiringa, SP
650 _aUSO DA TERRA
650 _aCOBERTURA VEGETAL
650 _aSENSORIAMENTO REMOTO
650 _aMAPA
773 0 _tIrriga (Brazil)
_xISSN 1808-3765
_g(Jul-Sep 2009), v. 14(3) p. 314-324
_wBR2012005274
909 _a202311
_bLúcia
_c55
_dLúcia Elande
942 _2AGRIS
_n0
_cANA
999 _c220734
_d220734